000 01279nam a2200241Ia 4500
003 Ost
005 20260507075108.0
008 260507s9999||||xx |||||||||||||| ||und||
020 _a5064409961
040 _cfsecg
041 _aara
082 _a330
100 _aمصطفى، عبد الحفيظ
_eمؤلف
245 0 _aنظرية الإحتمالات :
_bمبادئ وتطبيقات /
_c عبد الحفيظ مصطفى
250 _aطبعة 2
260 _aالجزائر:
_bديوان المطبوعات الجامعية,
_c2004
300 _a397 صفحة؛
_bإيضاحات ؛
_c24 سم
520 _aالفراغ الإحتمالي- مبادئ التحليل التوافقي- طرق تعيين الإحتمالات- الإحتمال الشرطي- الحوادث والتكرارات المستقلة- الإحتمالات العشوائية وحيدة البعد- مميزات عددية للمتحولات العشوائية وحيدة البعد- التوزيعات الإحتمالية المنقطعة الأساسية- التوزيعات الإحتمالية المستمرة الأساسية.
653 _aالإحتمالات
653 _aالإحصاء - المعاملات الإرتباطية
653 _aالرياضيات
942 _cكتاب
999 _c42829
_d42829